[Event "Lleida Regional-ch"]
[Site "Lleida"]
[Date "2022.11.20"]
[Round "7"]
[White "Siso Ribes, Genis Alfred"]
[Black "Solani Nunez, Joshua"]
[Result "0-1"]
[WhiteElo "1801"]
[BlackElo "2042"]
[PlyCount "92"]
[EventDate "2022.10.02"]
[EventType "swiss"]
[EventRounds "8"]
[EventCountry "ESP"]
[SourceTitle "EXT 2024"]
[Source "ChessBase"]
[SourceDate "2023.10.10"]
[SourceVersion "1"]
[SourceVersionDate "2023.10.10"]
[SourceQuality "1"]

1. e4 e6 2. d4 d5 3. Nc3 Nf6 4. e5 Nfd7 5. Qg4 c5 6. dxc5 Nc6 7. Nf3 h5 8. Qg3 Nxc5 9. Be3 Qa5 10. Bxc5 Qxc5 11. Bd3 Bd7 12. 0-0 Rc8 13. Nb5 Nxe5 14. Nxe5 Bxb5 15. Qf4 f6 16. Bg6+ Ke7 17. Nf7 Bxf1 18. Nxh8 Bb5 19. Bxh5 Kd7 20. Re1 e5 21. Qf5+ Kc7 22. Ng6 Bd7 23. Qd3 Bd6 24. c3 Kb8 25. Rd1 Bc6 26. Bf3 Bc7 27. Bxd5 Rd8 28. c4 Bb6 29. Qf3 Bxd5 30. cxd5 Qc2 31. Ne7 Bxf2+ 32. Kh1 Bd4 33. Qd3 Qxd3 34. Rxd3 Rd7 35. Nf5 g6 36. Nh4 g5 37. Nf5 Rxd5 38. g4 Ra5 39. Nxd4 exd4 40. Rxd4 Rxa2 41. Rb4 a5 42. Rb3 Kc7 43. Kg2 a4 44. Rc3+ Kd6 45. Kg3 Rxb2 46. h4 Rb3 0-1

[Event "Lleida Regional-ch"]
[Site "Lleida"]
[Date "2022.10.23"]
[Round "4"]
[White "Siso Ribes, Genis Alfred"]
[Black "Codina Garcia, Jose"]
[Result "1-0"]
[WhiteElo "1801"]
[BlackElo "1870"]
[PlyCount "52"]
[EventDate "2022.10.02"]
[EventType "swiss"]
[EventRounds "8"]
[EventCountry "ESP"]
[SourceTitle "EXT 2024"]
[Source "ChessBase"]
[SourceDate "2023.10.10"]
[SourceVersion "1"]
[SourceVersionDate "2023.10.10"]
[SourceQuality "1"]

1. e4 e6 2. d4 d5 3. Nc3 Nc6 4. e5 f6 5. Bb5 Bd7 6. Nf3 g6 7. 0-0 fxe5 8. Bxc6 Bxc6 9. Nxe5 Bd7 10. Qf3 Qf6 11. Qg3 Bd6 12. Re1 Ne7 13. Bg5 Qg7 14. Qd3 Bxe5 15. dxe5 Rf8 16. Nb5 Kd8 17. Nd6 Bc6 18. Qh3 Qg8 19. Qh4 Rf7 20. Nxf7+ Qxf7 21. Bxe7+ Qxe7 22. Qxe7+ Kxe7 23. Red1 Bd7 24. Rd3 c5 25. Rf3 b5 26. Re3 Rf8 1-0

[Event "Lleida Region-ch"]
[Site "Lleida"]
[Date "2021.11.21"]
[Round "7"]
[White "Siso Ribes, Genis Alfred"]
[Black "Luke Brezmes, Cristofer"]
[Result "0-1"]
[WhiteElo "1665"]
[BlackElo "2038"]
[PlyCount "86"]
[EventDate "2021.10.03"]
[EventType "swiss"]
[EventRounds "8"]
[EventCountry "ESP"]
[SourceTitle "EXT 2023"]
[Source "ChessBase"]
[SourceDate "2022.10.05"]
[SourceVersion "1"]
[SourceVersionDate "2022.10.05"]
[SourceQuality "1"]

1. e4 e6 2. d4 d5 3. Nc3 Bb4 4. e5 c5 5. a3 Bxc3+ 6. bxc3 Qc7 7. Qg4 f5 8. exf6 Nxf6 9. Qg3 Qa5 10. Bd2 0-0 11. c4 Qa4 12. Qb3 Qxb3 13. cxb3 cxd4 14. Nf3 Nc6 15. cxd5 exd5 16. Bb5 Bg4 17. 0-0 Ne4 18. Bxc6 bxc6 19. Bb4 Rxf3 20. gxf3 Bxf3 21. Rfe1 a5 22. Be7 Kf7 23. Bh4 Rb8 24. Rab1 c5 25. Bg3 Rb6 26. Bc7 Rg6+ 27. Bg3 h5 28. h4 Nxg3 29. fxg3 Be4 30. Rbc1 Rxg3+ 31. Kf2 Rf3+ 32. Ke2 Rxb3 33. Rxc5 Rxa3 34. Rf1+ Ke6 35. Rg1 Ra2+ 36. Ke1 d3 37. Rg3 Bf5 38. Rxg7 d2+ 39. Kd1 Bg4+ 40. Rxg4 hxg4 41. h5 g3 42. Rc6+ Kf5 43. Rg6 g2 0-1